[Event "US Open Wednesday 2-Step Quads"]
[Site "Palo Alto, Calif."]
[Date "1981.08.12"]
[Round "2"]
[White "Johnson, Kevin"]
[Black "Moody, David"]
[Result "0-1"]
[WhiteElo "1846"]
[BlackElo "1871"]
[PlyCount "82"]
[EventDate "1981.08.12"]

1. e4 e5 2. Nf3 Nc6 3. d4 exd4 4. Bc4 Nf6 5. O-O Bc5 6. e5 d5 7. exf6 dxc4 8.
Re1+ Be6 9. Ng5 Qd5 10. Nc3 Qf5 11. Nce4 O-O-O 12. fxg7 Rhg8 13. g4 Qe5 14.
Nxe6 fxe6 15. Bg5 Rd5 16. Nxc5 Qxg5 17. Nxe6 Qf6 18. g5 Rxg5+ 19. Nxg5 Qxg5+
20. Kh1 Qd5+ 21. f3 Ne5 22. Qe2 Rxg7 23. Rg1 d3 24. cxd3 cxd3 25. Qe4 Rxg1+ 26.
Rxg1 Qxe4 27. fxe4 c5 28. b3 b5 29. Rc1 c4 30. bxc4 bxc4 31. Kg2 d2 32. Rd1 c3
33. Kf1 c2 34. Ke2 cxd1=Q+ 35. Kxd1 Nf3 36. h4 Kd7 37. h5 Kd6 38. h6 Ke5 39. a4
Kxe4 40. a5 Kd3 41. a6 Ke3 0-1

[Event "US Open Wednesday 2-Step Quads"]
[Site "Palo Alto, Calif."]
[Date "1981.08.12"]
[Round "1"]
[White "Gordon, Scott"]
[Black "Moody, David"]
[Result "1/2-1/2"]
[WhiteElo "1892"]
[BlackElo "1871"]
[PlyCount "39"]
[EventDate "1981.08.12"]

1. d4 Nf6 2. Nc3 d5 3. Bg5 Bf5 4. e3 Nbd7 5. Bd3 Bxd3 6. Qxd3 e6 7. Nge2 Be7 8.
O-O O-O 9. e4 Nxe4 10. Bxe7 Qxe7 11. Nxe4 dxe4 12. Qxe4 c6 13. c3 Nf6 14. Qf3
Rfd8 15. Ng3 Rac8 16. Rad1 Nd5 17. Rfe1 Qc7 18. Ne4 Qf4 19. Qxf4 Nxf4 20. g3
1/2-1/2

[Event "U.S. Open"]
[Site "Palo Alto, Calif."]
[Date "1981.08.12"]
[Round "10"]
[White "Ghormley, Michael"]
[Black "Moody, David"]
[Result "0-1"]
[WhiteElo "1688"]
[BlackElo "1871"]
[PlyCount "63"]
[EventDate "1981.08.02"]

1. d4 Nf6 2. c4 c5 3. d5 e6 4. Nc3 exd5 5. cxd5 d6 6. e4 g6 7. Bg5 h6 8. Bh4 g5
9. Bg3 a6 10. a4 Bg7 11. Be2 O-O 12. h3 Re8 13. Qc2 Qe7 14. f3 Nh5 15. Bh2 Nd7
16. g4 Nhf6 17. Bg3 Ne5 18. h4 gxh4 19. Bxh4 Ng6 20. Bg3 Bd7 21. Nh3 b5 22. a5
Rab8 23. Nf4 Ne5 24. Nh5 Nxh5 25. Rxh5 b4 26. Nd1 Bb5 27. Ne3 b3 28. Qd2 Bxe2
29. Kxe2 Nxf3 30. Kxf3 Qxe4+ 31. Kf2 Bd4 32. Rah1 0-1

[Event "U.S. Open"]
[Site "Palo Alto, Calif."]
[Date "1981.08.13"]
[Round "11"]
[White "Moody, David"]
[Black "Holden, Rick"]
[Result "1-0"]
[WhiteElo "1871"]
[BlackElo "1661"]
[PlyCount "45"]
[EventDate "1981.08.02"]

1. e4 c5 2. Nf3 Nc6 3. d4 cxd4 4. Nxd4 Nf6 5. Nc3 d6 6. Bc4 e6 7. Bg5 h6 8. Bh4
Be7 9. Bb3 Na5 10. Bxf6 Bxf6 11. Ba4+ Bd7 12. Bxd7+ Qxd7 13. Qd2 Nc4 14. Qd3
Nxb2 15. Qd2 a6 16. Rb1 Nc4 17. Qd3 Rc8 18. O-O b5 19. Rb4 Qc7 20. Ndxb5 axb5
21. Nxb5 Qc5 22. Rxc4 Qxc4 23. Nxd6+ 1-0

[Event "U.S. Open"]
[Site "Palo Alto, Calif."]
[Date "1981.08.14"]
[Round "12"]
[White "Morrow, Hans"]
[Black "Moody, David"]
[Result "0-1"]
[WhiteElo "2111"]
[BlackElo "1871"]
[PlyCount "124"]
[EventDate "1981.08.02"]

1. e4 e5 2. Nf3 Nc6 3. Bb5 a6 4. Ba4 Nf6 5. O-O Be7 6. Re1 b5 7. Bb3 O-O 8. c3
d5 9. exd5 Nxd5 10. Nxe5 Nxe5 11. Rxe5 c6 12. Bxd5 cxd5 13. d4 Bd6 14. Rh5 Re8
15. Be3 Bf4 16. Rxd5 Qxd5 17. Bxf4 Qe4 18. Be3 Bb7 19. Qf1 Re6 20. Nd2 Qg4 21.
h3 Qh5 22. Kh2 Rae8 23. a4 bxa4 24. c4 Rf6 25. Qg1 Rg6 26. g4 Qh4 27. Re1 h5
28. Qg3 Qf6 29. d5 hxg4 30. h4 Qe5 31. Qxe5 Rxe5 32. Kg3 Bc8 33. Rd1 Kf8 34.
Bf4 Rf5 35. Ne4 Rb6 36. d6 Rb3+ 37. Be3 Rf3+ 38. Kg2 Rxb2 39. Bc5 Bd7 40. Ng5
Rf5 41. Bd4 Rb3 42. Be3 Ke8 43. Re1 Bc6+ 44. Kg3 Rc5 45. Kxg4 Rxc4+ 46. Bf4+
Kf8 47. Re7 Rb7 48. Rxb7 Bxb7 49. d7 Ke7 50. Nxf7 Rxf4+ 51. Kxf4 Kxd7 52. Ne5+
Ke6 53. Nc4 Bd5 54. Na3 Kd6 55. Ke3 Kc5 56. Kd3 Kb4 57. Nc2+ Kb3 58. Kd2 Be4
59. Nd4+ Kb2 60. f3 Bg6 61. Ne6 a3 62. Nc5 Bc2 0-1

[Event "US Open Friday 30-30"]
[Site "Palo Alto, Calif."]
[Date "1981.08.14"]
[Round "3"]
[White "Moody, David"]
[Black "Rothenbusch, Herman"]
[Result "1-0"]
[WhiteElo "1871"]
[BlackElo "1576"]
[PlyCount "37"]
[EventDate "1981.08.14"]

1. e4 e5 2. f4 exf4 3. Nf3 g5 4. Bc4 g4 5. O-O Nc6 6. d4 Bh6 7. Ne5 Nxe5 8.
dxe5 Qg5 9. Bxf7+ Kxf7 10. Bxf4 Qxf4 11. Rxf4+ Bxf4 12. Qf1 h5 13. Qxf4+ Ke8
14. Nc3 c6 15. Rf1 Kd8 16. Qf8+ Kc7 17. Nd5+ cxd5 18. Qc5+ Kb8 19. Qd6# 1-0

[Event "US Open Friday 30-30"]
[Site "Palo Alto, Calif."]
[Date "1981.08.14"]
[Round "1"]
[White "Moody, David"]
[Black "Howell, Billy"]
[Result "1-0"]
[WhiteElo "1871"]
[BlackElo "1315"]
[PlyCount "45"]
[EventDate "1981.08.14"]

1. e4 e5 2. Nf3 Nc6 3. Bc4 Nf6 4. Ng5 d5 5. exd5 Nxd5 6. d4 exd4 7. Nxf7 Kxf7
8. Qf3+ Ke6 9. Qe4+ Ne5 10. Bf4 Qd6 11. O-O Be7 12. Re1 Bf6 13. Nd2 Re8 14. Nf3
Kd7 15. Bxd5 c6 16. Nxe5+ Bxe5 17. Bxe5 Rxe5 18. Qxe5 Qxe5 19. Rxe5 cxd5 20.
Rxd5+ Ke8 21. Re1+ Kf8 22. Rd8+ Kf7 23. Ree8 1-0

[Event "US Open Friday 30-30"]
[Site "Palo Alto, Calif."]
[Date "1981.08.14"]
[Round "2"]
[White "Carlin, Nick"]
[Black "Moody, David"]
[Result "1-0"]
[WhiteElo "2116"]
[BlackElo "1871"]
[PlyCount "111"]
[EventDate "1981.08.14"]

1. e4 e5 2. Nf3 Nc6 3. Bb5 a6 4. Ba4 Nf6 5. O-O Be7 6. Re1 b5 7. Bb3 O-O 8. d3
d6 9. c3 Bg4 10. Nbd2 Nd7 11. Bd5 Ndb8 12. a4 bxa4 13. Qxa4 Qd7 14. b4 Ra7 15.
h3 Be6 16. Nc4 Nd8 17. Be3 Bxd5 18. Qxd7 Nxd7 19. Bxa7 Bxc4 20. dxc4 Nc6 21.
Rxa6 Ra8 22. Rea1 Nd8 23. Be3 Rxa6 24. Rxa6 f6 25. Ra7 Ne6 26. Ne1 Kf7 27. Nc2
Bd8 28. Na3 Ke7 29. Rb7 Ndf8 30. f3 Nd7 31. Kf2 Ndf8 32. Nb5 Kd7 33. g3 Ng6 34.
h4 h5 35. Na3 Kc8 36. Ra7 Kb8 37. Nc2 Ne7 38. Ra1 Kc8 39. f4 exf4 40. Bxf4 Nxf4
41. gxf4 f5 42. Kf3 fxe4+ 43. Kxe4 Ng6 44. Rg1 Nxh4 45. Rxg7 Bf6 46. Rh7 Bxc3
47. Rxh5 Ng6 48. b5 Kd8 49. Rh7 Ne7 50. Ne3 Ng8 51. Nd5 Nf6+ 52. Nxf6 Bxf6 53.
Kf5 Bc3 54. Ke6 Bd4 55. Rf7 Ke8 56. Rxc7 1-0

[Event "Michigan Open"]
[Site "East Lansing, Mich."]
[Date "1981.09.04"]
[Round "1"]
[White "Taddei, Dominic"]
[Black "Moody, David"]
[Result "0-1"]
[WhiteElo "1610"]
[BlackElo "1907"]
[PlyCount "90"]
[EventDate "1981.09.04"]

1. e4 e5 2. Nf3 Nc6 3. Bb5 a6 4. Bxc6 dxc6 5. d3 Qd6 6. Nbd2 b5 7. Nb3 Bg4 8.
Be3 O-O-O 9. O-O Ne7 10. h3 Bh5 11. g4 Bg6 12. Qd2 h5 13. g5 f5 14. Qa5 Kd7 15.
Nc5+ Ke8 16. Nb7 Qe6 17. Nxd8 Kxd8 18. Kg2 fxe4 19. Nh4 exd3 20. Nxg6 Nxg6 21.
Rh1 Qd5+ 22. Kg3 Qe4 23. Qd2 Bd6 24. Qxd3 Qxh1 25. Qxd6+ cxd6 26. Rxh1 Rf8 27.
a4 b4 28. Rf1 Ke7 29. f4 exf4+ 30. Bxf4 Nxf4 31. Rxf4 Rxf4 32. Kxf4 g6 33. Ke4
a5 34. Kd4 Ke6 35. h4 d5 36. Kc5 Kd7 37. Kd4 Kd6 38. b3 c5+ 39. Kd3 Ke5 40. Ke3
c4 41. bxc4 dxc4 42. Kd2 Ke4 43. c3 b3 44. Kc1 Kd3 45. Kb2 Kd2 0-1

[Event "Michigan Open"]
[Site "East Lansing, Mich."]
[Date "1981.09.05"]
[Round "2"]
[White "Moody, David"]
[Black "Whitehouse, David"]
[Result "1-0"]
[WhiteElo "1907"]
[BlackElo "2280"]
[PlyCount "119"]
[EventDate "1981.09.04"]

1. f4 d5 2. Nf3 Nf6 3. e3 g6 4. d4 Bg7 5. Bd3 c5 6. c3 b6 7. Ne5 O-O 8. Qe2 Ne4
9. Nd2 Bb7 10. O-O f6 11. Ng4 Nd6 12. Nf3 Qc8 13. Nf2 Ba6 14. dxc5 Bxd3 15.
Qxd3 Qxc5 16. Nd4 Qc4 17. Ne6 Rc8 18. Rd1 Qxd3 19. Rxd3 Kf7 20. Nxg7 e6 21.
Nxe6 Kxe6 22. b3 Na6 23. Ba3 Nb5 24. Bb4 Nxb4 25. cxb4 Rc2 26. e4 dxe4 27. Nxe4
Rac8 28. Re1 Kf7 29. Rd7+ Kf8 30. Nxf6 Rc1 31. Nxh7+ Kg8 32. Nf6+ Kf8 33. Kf2
R8c2+ 34. Re2 Nc3 35. Rxc2 Rxc2+ 36. Kf3 Nxa2 37. Rxa7 Nxb4 38. Rb7 Rc6 39.
Nd7+ Kg8 40. Rxb6 Rc3+ 41. Kg4 Nd5 42. Rxg6+ Kh7 43. Kg5 Rxb3 44. Nf6+ Nxf6 45.
Rxf6 Rb2 46. Rh6+ Kg7 47. Rg6+ Kf7 48. Kh5 Rf2 49. Rg4 Kf6 50. h4 Ra2 51. g3
Ra8 52. Rg5 Ra3 53. Kg4 Ra8 54. h5 Rh8 55. Rg6+ Kf7 56. Kg5 Ra8 57. f5 Ra3 58.
g4 Rh3 59. h6 Kf8 60. Rg7 1-0

[Event "Michigan Open"]
[Site "East Lansing, Mich."]
[Date "1981.09.05"]
[Round "3"]
[White "Moody, David"]
[Black "Finegold, Ron"]
[Result "1/2-1/2"]
[WhiteElo "1907"]
[BlackElo "2180"]
[PlyCount "91"]
[EventDate "1981.09.04"]

1. e4 d5 2. exd5 Qxd5 3. Nc3 Qa5 4. b4 Qxb4 5. Rb1 Qd6 6. d4 c6 7. Bc4 Nf6 8.
Nf3 Nbd7 9. d5 Nb6 10. dxc6 Qxd1+ 11. Nxd1 bxc6 12. Ne5 e6 13. Be2 Bd7 14. Bf3
Rc8 15. Be3 Bd6 16. Bxb6 axb6 17. Nc4 Bc7 18. Nc3 b5 19. Nd2 Ba5 20. Rb3 Ke7
21. Ke2 b4 22. Nc4 bxc3 23. Nxa5 Nd5 24. Rb7 Ra8 25. Nxc6+ Kd6 26. Bxd5 Bxc6
27. Bxc6 Kxc6 28. Rxf7 Rxa2 29. Kd3 Ra3 30. Rxg7 Rd8+ 31. Kc4 Rd2 32. Re1 Kd6
33. Rc1 Rxf2 34. Kb4 Ra6 35. Kxc3 Rc6+ 36. Kd3 h5 37. c3 h4 38. Rg4 h3 39. Rc2
Rxc2 40. Kxc2 hxg2 41. Rxg2 Rc4 42. Kd3 Rh4 43. Ke3 e5 44. Rc2 Kc5 45. c4 e4
46. Rd2 1/2-1/2

[Event "Michigan Open"]
[Site "East Lansing, Mich."]
[Date "1981.09.06"]
[Round "4"]
[White "Pray, Don"]
[Black "Moody, David"]
[Result "1-0"]
[WhiteElo "2036"]
[BlackElo "1907"]
[PlyCount "35"]
[EventDate "1981.09.04"]

1. e4 e5 2. Nf3 Nc6 3. d4 exd4 4. c3 dxc3 5. Bc4 cxb2 6. Bxb2 d6 7. Qb3 Qd7 8.
Bc3 Nf6 9. O-O Nd8 10. Re1 Ne6 11. e5 d5 12. Bb5 c6 13. exf6 cxb5 14. fxg7 Rg8
15. Ne5 Qd8 16. Qxb5+ Bd7 17. gxf8=Q+ Rxf8 18. Qxd5 1-0

[Event "Michigan Open"]
[Site "East Lansing, Mich."]
[Date "1981.09.06"]
[Round "5"]
[White "Moody, David"]
[Black "Kell, Matt"]
[Result "1/2-1/2"]
[WhiteElo "1907"]
[BlackElo "1858"]
[PlyCount "41"]
[EventDate "1981.09.04"]

1. e4 d5 2. d4 dxe4 3. Nc3 Nf6 4. f3 exf3 5. Nxf3 Bg4 6. Bc4 e6 7. Bg5 Be7 8.
O-O c6 9. Qe2 Nbd7 10. h3 Bh5 11. Rae1 Nb6 12. Bb3 Nfd5 13. Qe5 f6 14. Qxe6
fxg5 15. Ne5 Nf4 16. Qf5 Qc8 17. Rxf4 Qxf5 18. Rxf5 Rf8 19. Rxf8+ Kxf8 20. Rf1+
Bf6 21. Ne4 1/2-1/2

[Event "Michigan Open"]
[Site "East Lansing, Mich."]
[Date "1981.09.07"]
[Round "7"]
[White "Moody, David"]
[Black "Smith, Michael R"]
[Result "1-0"]
[WhiteElo "1907"]
[BlackElo "1981"]
[PlyCount "41"]
[EventDate "1981.09.04"]

1. e4 e6 2. Nf3 d5 3. Nc3 c5 4. d4 Nf6 5. Bg5 Be7 6. exd5 Nxd5 7. Nxd5 Bxg5 8.
Nxg5 Qxd5 9. Qh5 g6 10. Qh6 Qxd4 11. c3 Qe5+ 12. Be2 Nc6 13. O-O-O f6 14. Nxh7
Rxh7 15. Qxh7 Qxe2 16. Qxg6+ Ke7 17. Qg7+ Ke8 18. Qxf6 Qg4 19. Rhe1 Ne7 20. Re5
Bd7 21. Rg5 1-0

[Event "Michigan Open"]
[Site "East Lansing, Mich."]
[Date "1981.09.07"]
[Round "6"]
[White "Finegold, Ben"]
[Black "Moody, David"]
[Result "0-1"]
[WhiteElo "1995"]
[BlackElo "1907"]
[PlyCount "60"]
[EventDate "1981.09.04"]

1. c4 e5 2. Nc3 Nc6 3. Nf3 f5 4. d3 Nf6 5. Bg5 Be7 6. g3 O-O 7. Rb1 a5 8. Bxf6
Bxf6 9. a3 d6 10. Bg2 Qe8 11. Nd5 Qf7 12. b4 axb4 13. axb4 e4 14. Ng1 Be6 15.
f3 Bxd5 16. cxd5 Nxb4 17. Nh3 Bc3+ 18. Kf1 Nxd5 19. Qc1 exd3 20. exd3 Qe6 21.
Ng5 Qe5 22. f4 Ne3+ 23. Ke2 Qd4 24. Qxe3 Ra2+ 25. Kf3 Qd5+ 26. Ne4 Bd4 27. Qe1
fxe4+ 28. Qxe4 Rf2+ 29. Kg4 Qf7 30. f5 Rxf5 0-1

[Event "15th UMD Tornado"]
[Site "Dearborn, Mich."]
[Date "1981.10.17"]
[Round "4"]
[White "Tallosy, Mihaly"]
[Black "Moody, David"]
[Result "0-1"]
[WhiteElo "1766"]
[BlackElo "1907"]
[PlyCount "64"]
[EventDate "1981.10.17"]

1. e4 e5 2. f4 exf4 3. Nf3 d6 4. Bc4 h6 5. d4 g5 6. h4 Bg7 7. hxg5 hxg5 8. Rxh8
Bxh8 9. c3 g4 10. Ng1 Qh4+ 11. Kf1 Nf6 12. Bxf4 Nxe4 13. Qe2 Qe7 14. Nd2 Nxd2+
15. Qxd2 Be6 16. Re1 Bxc4+ 17. Kf2 Be6 18. d5 Nd7 19. dxe6 fxe6 20. Qe2 Be5 21.
Qxg4 O-O-O 22. Nf3 Rf8 23. Be3 Nf6 24. Qa4 Nh5 25. Rh1 Qh7 26. g4 Qf7 27. Rh3
Bg3+ 28. Rxg3 Nxg3 29. Qd1 Ne4+ 30. Kg2 Rg8 31. g5 Qh5 32. Qh1 Qg4+ 0-1

[Event "15th UMD Tornado"]
[Site "Dearborn, Mich."]
[Date "1981.10.17"]
[Round "1"]
[White "Moody, David"]
[Black "Pegeron, Jean-Paul"]
[Result "0-1"]
[WhiteElo "1907"]
[BlackElo "1690"]
[PlyCount "48"]
[EventDate "1981.10.17"]

1. e4 e5 2. Nf3 Nf6 3. Nxe5 d6 4. Nf3 Nxe4 5. Nc3 d5 6. d3 Nxc3 7. bxc3 Be7 8.
d4 O-O 9. Bd3 Bg4 10. h4 Nd7 11. Bxh7+ Kxh7 12. Ng5+ Kg8 13. Qxg4 Nf6 14. Qf5
Qd7 15. Qxd7 Nxd7 16. Bf4 Rac8 17. Kd2 Nb6 18. Rab1 Nc4+ 19. Kd3 b6 20. Nf3
Rfe8 21. Ne5 Bd6 22. Rhe1 Re6 23. Bg3 Rce8 24. Nf3 Bxg3 0-1

[Event "15th UMD Tornado"]
[Site "Dearborn, Mich."]
[Date "1981.10.17"]
[Round "3"]
[White "Moody, David"]
[Black "Bautista, Lester"]
[Result "1-0"]
[WhiteElo "1907"]
[BlackElo "1681"]
[PlyCount "73"]
[EventDate "1981.10.17"]

1. f4 d5 2. Nf3 c5 3. e3 Nc6 4. Bb5 a6 5. Bxc6+ bxc6 6. Ne5 Qd6 7. b3 g6 8. Bb2
f6 9. O-O Bg7 10. Nd3 Nh6 11. Ba3 Nf7 12. Bxc5 Qc7 13. Nc3 h5 14. Ne2 g5 15.
Nd4 g4 16. f5 Bh6 17. Nf4 Bxf4 18. Rxf4 Bd7 19. Qf1 Nd6 20. Bxd6 Qxd6 21. Re1
c5 22. Ne2 Kf7 23. Nc3 Bc6 24. e4 d4 25. e5 fxe5 26. Ne4 Bxe4 27. Rfxe4 Ra7 28.
Rxe5 Rh6 29. Re6 Rxe6 30. fxe6+ Ke8 31. Qf7+ Kd8 32. Qxh5 g3 33. Qe5 gxh2+ 34.
Kxh2 Qb6 35. Rf1 Qd6 36. Qxd6+ exd6 37. Rf8+ 1-0

[Event "15th UMD Tornado"]
[Site "Dearborn, Mich."]
[Date "1981.10.17"]
[Round "2"]
[White "Lang, Brad"]
[Black "Moody, David"]
[Result "0-1"]
[WhiteElo "1548"]
[BlackElo "1907"]
[PlyCount "63"]
[EventDate "1981.10.17"]

1. e4 e5 2. Nf3 Nc6 3. Bb5 a6 4. Ba4 Nf6 5. O-O Be7 6. d3 b5 7. Bb3 d6 8. Nc3
Bg4 9. h3 Bh5 10. Nd5 Nd4 11. Nxf6+ gxf6 12. g4 Qd7 13. Nh2 Bg6 14. Bd5 O-O-O
15. Be3 Ne6 16. Qd2 c6 17. Bb3 Rdg8 18. Kh1 h5 19. Kg2 hxg4 20. hxg4 Nd4 21. f3
f5 22. exf5 Bxf5 23. Bxf7 Bxg4 24. Bxg8 Bh3+ 25. Kf2 Bh4+ 26. Kg1 Rxg8+ 27. Ng4
Nxf3+ 28. Rxf3 Qxg4+ 29. Kh2 Qxf3 30. Rg1 Bg3+ 31. Rxg3 Rxg3 32. Qf2 0-1

[Event "Motor City Open"]
[Site "Warren, Mich."]
[Date "1981.11.27"]
[Round "1"]
[White "Moody, David"]
[Black "Walmsley, Blake"]
[Result "0-1"]
[WhiteElo "1932"]
[BlackElo "1486"]
[PlyCount "46"]
[EventDate "1981.11.27"]

1. e4 e5 2. Nf3 Nc6 3. d4 exd4 4. Bc4 Nf6 5. O-O d6 6. Ng5 Ne5 7. Qxd4 h6 8.
Nf3 c5 9. Qc3 Nxe4 10. Qb3 Nxc4 11. Qxc4 d5 12. Qe2 Be7 13. c4 O-O 14. cxd5
Qxd5 15. Re1 Bf5 16. Nc3 Nxc3 17. Qxe7 Ne4 18. Qh4 Rad8 19. g4 Bd7 20. g5 Bc6
21. gxh6 Nd2 22. Qg3 Nxf3+ 23. Kf1 Qd3+ 0-1

[Event "Motor City Open"]
[Site "Warren, Mich."]
[Date "1981.11.27"]
[Round "2"]
[White "Furgason, Floyd"]
[Black "Moody, David"]
[Result "0-1"]
[WhiteElo "1509"]
[BlackElo "1932"]
[PlyCount "46"]
[EventDate "1981.11.27"]

1. d4 Nf6 2. c4 c5 3. d5 e6 4. dxe6 fxe6 5. Nc3 d5 6. cxd5 exd5 7. e3 a6 8. Nf3
b5 9. a3 Be7 10. Be2 O-O 11. O-O Bb7 12. b3 Qc7 13. Bb2 Ng4 14. Nxd5 Qd6 15.
Nxe7+ Qxe7 16. Qc2 Nd7 17. Rad1 Rac8 18. Rd2 Bxf3 19. Bxf3 Rxf3 20. gxf3 Nxh2
21. Kxh2 Qh4+ 22. Kg2 Qg5+ 23. Kh2 Rc6 0-1

[Event "Motor City Open"]
[Site "Warren, Mich."]
[Date "1981.11.28"]
[Round "3"]
[White "Moody, David"]
[Black "Selitsky, Benson"]
[Result "1-0"]
[WhiteElo "1932"]
[BlackElo "1689"]
[PlyCount "67"]
[EventDate "1981.11.27"]

1. e4 c5 2. Nf3 Nc6 3. d4 cxd4 4. Nxd4 Nf6 5. Nc3 e5 6. Ndb5 d6 7. Nd5 Nxd5 8.
exd5 Ne7 9. c4 a6 10. Qa4 Kd7 11. Be3 Ng6 12. c5 Ke7 13. cxd6+ Kf6 14. Nc7 b5
15. Bxb5 Bxd6 16. Nxa8 axb5 17. Qxb5 Bd7 18. Qa6 Ke7 19. Nb6 Bb4+ 20. Ke2 Nf4+
21. Bxf4 exf4 22. Qb7 Re8 23. Qxd7+ Kf8+ 24. Kf1 Qxb6 25. Rc1 Qa6+ 26. Kg1 Qe2
27. h3 Be1 28. Qd6+ Kg8 29. Qxf4 Bd2 30. Qc4 Qe5 31. Rd1 Be3 32. fxe3 Qxe3+ 33.
Kf1 Qf4+ 34. Qxf4 1-0

[Event "Motor City Open"]
[Site "Warren, Mich."]
[Date "1981.11.28"]
[Round "4"]
[White "Green, Douglas"]
[Black "Moody, David"]
[Result "1/2-1/2"]
[WhiteElo "1758"]
[BlackElo "1932"]
[PlyCount "54"]
[EventDate "1981.11.27"]

1. c4 e5 2. Nc3 Nc6 3. Nf3 f5 4. d3 Nf6 5. g3 Be7 6. Bg2 O-O 7. O-O d6 8. Rb1
Qe8 9. Nb5 Bd8 10. b4 Qh5 11. Nc3 h6 12. b5 Ne7 13. c5 e4 14. cxd6 cxd6 15.
dxe4 fxe4 16. Nd4 Bh3 17. f3 Bb6 18. Kh1 Bxg2+ 19. Kxg2 Qc5 20. Ne6 Qxc3 21.
Nxf8 Rxf8 22. Qxd6 exf3+ 23. Rxf3 Qc7 24. Qe6+ Kh8 25. Bxh6 gxh6 26. Rxf6 Rxf6
27. Qxf6+ Kh7 1/2-1/2

[Event "Motor City Open"]
[Site "Warren, Mich."]
[Date "1981.11.29"]
[Round "6"]
[White "Small, LaMarr"]
[Black "Moody, David"]
[Result "1-0"]
[WhiteElo "1574"]
[BlackElo "1932"]
[PlyCount "87"]
[EventDate "1981.11.27"]

1. e4 e5 2. Nf3 Nc6 3. Bb5 a6 4. Ba4 Nf6 5. O-O Be7 6. Re1 b5 7. Bb3 O-O 8. c3
d5 9. exd5 Nxd5 10. Nxe5 Nxe5 11. Rxe5 c6 12. d4 Bd6 13. Re1 Qh4 14. g3 Qh3 15.
Qf3 Bg4 16. Qg2 Qh5 17. Bxd5 cxd5 18. Be3 Rae8 19. Nd2 Re6 20. f3 Bh3 21. Qf2
f5 22. f4 Bg4 23. b3 Rfe8 24. c4 bxc4 25. bxc4 dxc4 26. Nxc4 Bb4 27. Rec1 Bf3
28. Ne5 Be4 29. Rc7 Bd6 30. Rc3 Rb8 31. Rac1 Bxe5 32. dxe5 Ree8 33. Bc5 Rec8
34. Bb4 Rxc3 35. Bxc3 Rc8 36. Qe3 Qh3 37. Qf2 Rd8 38. Ba5 Rd3 39. e6 h6 40. e7
Kf7 41. a4 Bd5 42. Be1 Rf3 43. Qe2 Re3 44. e8=Q+ 1-0

[Event "Motor City Open"]
[Site "Warren, Mich."]
[Date "1981.11.29"]
[Round "5"]
[White "Moody, David"]
[Black "Jarosz, Stan"]
[Result "1/2-1/2"]
[WhiteElo "1932"]
[BlackElo "1615"]
[PlyCount "25"]
[EventDate "1981.11.27"]

1. e4 e6 2. Nf3 d5 3. Nc3 Nf6 4. e5 Nfd7 5. d4 c5 6. Bg5 f6 7. Nh4 fxg5 8. Qh5+
g6 9. Nxg6 hxg6 10. Qxg6+ Ke7 11. Qxg5+ Ke8 12. Qg6+ Ke7 13. Qg5+ 1/2-1/2

[Event "17th UMD Tornado"]
[Site "Dearborn, Mich."]
[Date "1981.12.12"]
[Round "1"]
[White "Moody, David"]
[Black "McDonough, John"]
[Result "1-0"]
[WhiteElo "1932"]
[BlackElo "1206"]
[PlyCount "93"]
[EventDate "1981.12.12"]

1. e4 c6 2. d4 d5 3. Nc3 dxe4 4. Nxe4 Nf6 5. Qe2 Qxd4 6. Nxf6+ gxf6 7. Nf3 Qb6
8. Be3 Qxb2 9. Bd4 Qa3 10. Bxf6 Rg8 11. Bh4 Qc3+ 12. Qd2 Qxa1+ 13. Ke2 b6 14.
c4 Rg6 15. Bg5 Bh6 16. Bxh6 Ba6 17. Bf4 Re6+ 18. Kd3 b5 19. Qc2 Nd7 20. Be3
bxc4+ 21. Kd2 Rd6+ 22. Bd4 c5 23. Bxc4 Qxh1 24. Bxa6 cxd4 25. Qxh7 Qxg2 26.
Qh8+ Nf8 27. Bb5+ Kd8 28. Qxf8+ Kc7 29. Qxe7+ Kb6 30. Qxd6+ Ka5 31. Qa6+ Kb4
32. Qa4+ Kc5 33. Qc4+ Kd6 34. Qc6+ Ke7 35. Qb7+ Kf6 36. Qc6+ Kg7 37. Qxa8 Qxf2+
38. Kd1 Qxa2 39. Qb7 Qb3+ 40. Ke2 Qe3+ 41. Kf1 d3 42. Qd5 Qe2+ 43. Kg1 a5 44.
Qe5+ Qxe5 45. Nxe5 d2 46. Ba4 f6 47. Nc4 1-0

[Event "17th UMD Tornado"]
[Site "Dearborn, Mich."]
[Date "1981.12.12"]
[Round "3"]
[White "Moody, David"]
[Black "Marfia, Jim"]
[Result "0-1"]
[WhiteElo "1932"]
[BlackElo "2180"]
[PlyCount "66"]
[EventDate "1981.12.12"]

1. f4 Nf6 2. Nf3 g6 3. Nc3 d5 4. e3 Bg7 5. d3 O-O 6. Be2 c5 7. O-O Nc6 8. Qe1
a6 9. Qh4 e6 10. e4 d4 11. Nd1 Nd7 12. f5 Qxh4 13. Nxh4 exf5 14. exf5 Bf6 15.
Rf4 Re8 16. Kf1 g5 17. Rg4 h6 18. Nf3 Nde5 19. Rg3 Bxf5 20. h4 Nxf3 21. gxf3
Kh7 22. hxg5 Rg8 23. f4 hxg5 24. fxg5 Be5 25. Rg1 Kg6 26. Nf2 Nb4 27. Ng4 Bxg4
28. Rxg4 Nxc2 29. Rb1 Rh8 30. Bf3 Rab8 31. Be4+ Kg7 32. Bd2 Rh2 33. Be1 Ne3+
0-1

[Event "17th UMD Tornado"]
[Site "Dearborn, Mich."]
[Date "1981.12.12"]
[Round "2"]
[White "Marinucci, Mark"]
[Black "Moody, David"]
[Result "0-1"]
[WhiteElo "1500"]
[BlackElo "1932"]
[PlyCount "76"]
[EventDate "1981.12.12"]

1. e4 e5 2. Nf3 Nc6 3. Bb5 a6 4. Bxc6 dxc6 5. Nxe5 Qg5 6. Nf3 Qxg2 7. Rg1 Qh3
8. d4 Bg4 9. Rg3 Qh5 10. Nbd2 O-O-O 11. h3 Bxh3 12. Ng5 Qxd1+ 13. Kxd1 Be6 14.
Ndf3 h6 15. Nxe6 fxe6 16. Be3 Nf6 17. Ne5 Bd6 18. Bf4 g5 19. Nf7 Bxf4 20. Rd3
Nxe4 21. Ke2 Rdf8 22. Nxh8 Rxh8 23. Kf3 Nf6 24. Re1 Kd7 25. c4 h5 26. a4 a5 27.
Rb3 b6 28. Rd1 h4 29. c5 bxc5 30. dxc5+ Kc8 31. Rbd3 h3 32. Rd4 e5 33. Rc4 Rd8
34. Rh1 g4+ 35. Ke2 Rd2+ 36. Ke1 Rxb2 37. Rf1 h2 38. Rxf4 exf4 0-1

[Event "17th UMD Tornado"]
[Site "Dearborn, Mich."]
[Date "1981.12.18"]
[Round "4"]
[White "Tallosy, Mihaly"]
[Black "Moody, David"]
[Result "1/2-1/2"]
[WhiteElo "1717"]
[BlackElo "1932"]
[PlyCount "147"]
[EventDate "1981.12.12"]

1. e4 e5 2. f4 exf4 3. Nf3 d6 4. Bc4 h6 5. d3 g5 6. Nc3 g4 7. Ng1 Qh4+ 8. Kf1
f3 9. gxf3 Nf6 10. Qe1 Qh5 11. Nd5 Nxd5 12. exd5+ Kd8 13. Qg3 Be7 14. h4 gxh3
15. Nxh3 Bh4 16. Nf4 Bxg3 17. Nxh5 Be5 18. f4 Bd4 19. c3 Bb6 20. d4 Ke7 21. Ng3
Bg4 22. Bd2 Nd7 23. Re1+ Kf8 24. Be2 Bxe2+ 25. Rxe2 Nf6 26. Nh5 Nxd5 27. f5 c6
28. c4 Ne7 29. f6 Ng6 30. Bc3 Re8 31. Rhh2 Rxe2 32. Rxe2 Bc7 33. Ng7 Kg8 34.
Ne8 Bb8 35. Bb4 d5 36. cxd5 cxd5 37. Bd6 Bxd6 38. Nxd6 b6 39. Re8+ Kh7 40.
Rxh8+ Nxh8 41. Nc8 Kg6 42. Nxa7 Kxf6 43. a4 Ke6 44. Nc8 Kd7 45. Nxb6+ Kc6 46.
a5 Ng6 47. b4 Nf4 48. Na8 Nd3 49. b5+ Kxb5 50. Nc7+ Kc6 51. Ne8 Nf4 52. Kf2 Ne6
53. Ke3 h5 54. Nf6 h4 55. a6 h3 56. Kf3 Nxd4+ 57. Kg3 Nb5 58. Kxh3 d4 59. Kg3
Kb6 60. Kf3 Kxa6 61. Ke4 Kb6 62. Nd7+ Kc6 63. Ne5+ Kc5 64. Nxf7 Kc4 65. Ne5+
Kc3 66. Kf3 Nd6 67. Ke2 Kc2 68. Nd3 Ne4 69. Ne5 Kc3 70. Kd1 Nf2+ 71. Ke2 Nh3
72. Kf3 Ng5+ 73. Ke2 Kc2 74. Nd3 1/2-1/2

[Event "East Lansing (MI Op/1)"]
[Site "?"]
[Date "1982.??.??"]
[Round "?"]
[White "Zacks, Naum"]
[Black "Schick, A.."]
[Result "1-0"]
[WhiteElo "1885"]
[BlackElo "2130"]
[PlyCount "78"]
[EventDate "1982.??.??"]

1. e4 g6 2. d4 Bg7 3. f4 d6 4. Nf3 c6 5. Nc3 Qb6 6. Bc4 Nh6 7. O-O Bg4 8. Ne2
Nd7 9. h3 Bxf3 10. Rxf3 O-O 11. g4 d5 12. exd5 c5 13. Bd3 cxd4 14. Ng3 f6 15.
a4 Nc5 16. Bc4 f5 17. d6+ e6 18. a5 Qxd6 19. gxf5 Nxf5 20. b4 Nd7 21. Ne4 Qc6
22. Qd3 Rfc8 23. Bb3 Nf8 24. b5 Qd7 25. Ba3 Kh8 26. Re1 Qc7 27. Bb4 Ne3 28. Re2
Nd5 29. Bd6 Qxa5 30. Be5 Qb6 31. h4 Nc3 32. Ref2 Nxb5 33. h5 Nc3 34. Bxg7+ Kxg7
35. Ng5 Rc6 36. Nxh7 Kxh7 37. hxg6+ Kg7 38. f5 exf5 39. Rxf5 Rxg6+ 1-0